000
00389nam a2200145Ia 4500
008
100204s9999 xx 000 0 und d
082
_b
3449
100
_a
भोपटकर शरयू
245
_a
मेघा
260
_b
"अनुपम प्रकाशन, पुणे"
_c
1981
300
_a
200
630
_a
मेघा
730
_a
मेघा
942
_c
BOOK
999
_c
448384
_d
448381